"But he doesn't know the territory."

Bibliographic Details
Main Author: Willson, Meredith, 1902-1984
Format: Book
Language:English
Published: New York : Putnam, [1959]
Subjects:

MARC

Tag First Indicator Second Indicator Subfields
LEADER 00000cam a2200000 4500
001 in00000027493
005 20151007061353.0
008 750825s1959 nyu 00000aeng u
010 |a  59013376  
035 |a (OCoLC)01571320 
035 |9 AAD1902AM 
040 |c CWR  |d TXA  |d UtOrBLW 
049 |a TXAM  |c [314819] 
050 0 |a ML410.W714  |b A3 
092 |a 780.92  |b W751b 
100 1 |a Willson, Meredith,  |d 1902-1984. 
245 1 0 |a "But he doesn't know the territory." 
264 1 |a New York :  |b Putnam,  |c [1959] 
300 |a 190 pages ;  |c 21 cm. 
336 |a text  |b txt  |2 rdacontent 
337 |a unmediated  |b n  |2 rdamedia 
338 |a volume  |b nc  |2 rdacarrier 
500 |a Autobiographical. 
650 0 |a Musicians  |v Biography. 
999 |a MARS 
999 f f |s 2e182c71-48e2-3feb-ae94-c3bf1dcffffd  |i c0c91e9d-64d8-3352-8a97-283cac06d32d  |t 0 
952 f f |p ric  |a Texas A&M University  |b Rellis Campus  |c Joint Library Facility  |d Remote Storage  |t 0  |e ML410.W714 A3  |h Library of Congress classification  |i unmediated -- volume  |m A14801168549 
998 f f |a ML410.W714 A3  |t 0  |l Remote Storage